| 000 | 00425nam a22001217a 4500 | ||
|---|---|---|---|
| 999 |
_c68309 _d68306 |
||
| 100 |
_aGulzar Ahmed Dasti _aSupervisor - Dr Noor Ahmed Memon |
||
| 245 | _aAnalysis of Technical and Non- Technical Losses of Operation Circle HESCO Nawabshah Remedial Measures | ||
| 260 |
_aNawabshah _bQUEST _c2012 |
||
| 300 | _a96p. | ||
| 700 | _aDepartment of Electrical Engineering | ||
| 856 | _uhttps://tinyurl.com/bdd9f7zz | ||
| 942 | _cTHESIS | ||